| 000 | 00783nam a2200253Ia 4500 | ||
|---|---|---|---|
| 008 | 180523s9999 xx 000 0 und d | ||
| 020 | _a0-07-141779-6 | ||
| 050 | _aMAIN HD 30.28 | ||
| 050 | _b.C65 2002 c.2 | ||
| 100 | _aColley, John L. Jr. | ||
| 245 | 0 | _aCorporate strategy / | |
| 245 | 0 | _cJohn L. Colley, Jr., Jacqueline L. Doyle, Robert D. Hardie. | |
| 260 | _aNew York : | ||
| 260 | _bMcGraw-Hill, | ||
| 260 | _c2003 | ||
| 300 | _a255 pages : | ||
| 300 | _c22 cm. | ||
| 440 | _aThe McGraw-Hill executive MBA series. | ||
| 500 | _aIncludes index. | ||
| 650 | _aConglomerate corporations -- Management. | ||
| 650 | _aStrategic planning. | ||
| 650 | _xConglomerate corporations -- United States -- Management. | ||
| 650 | _xStategic planning -- United States. | ||
| 999 |
_c356813 _d356813 |
||